| 000 | 00716nam a22002297a 4500 | ||
|---|---|---|---|
| 005 | 20170124110037.0 | ||
| 010 | _aA-861517 | ||
| 020 |
_c00.00 _a0074630601 |
||
| 035 | _aA-861517 | ||
| 037 | _bCen Lib/Ret | ||
| 040 |
_aDPL _bEN |
||
| 082 |
_a005.7565 _bCOX |
||
| 100 |
_aCox, Thomas B. _922853 |
||
| 245 |
_aOracle workgroup server handbook / _cby Thomas B. Cox |
||
| 260 |
_aNew Delhi _bTata McGraw Hill Publishing Copmnay _c1995 |
||
| 270 |
_a4/12, ansari road , dariya ganj _bNew Delhi _e110002 |
||
| 300 |
_axxii, 287p. _c23cm(Hb) |
||
| 500 | _aIncludes index | ||
| 650 |
_aComputer science _922854 |
||
| 650 |
_aLanguages _vHandbook _922855 |
||
| 942 |
_2ddc _cEN _h005.7565 _mCOX |
||
| 999 |
_c128259 _d128259 |
||